[Event "Caracas FVA 80th Ann"]
[Site "Caracas"]
[Date "2015.12.20"]
[Round "8"]
[White "Saenz Morillo, Miguel Alfonso"]
[Black "Vivas Zamora, Fabian Ernesto"]
[Result "1/2-1/2"]
[WhiteElo "1982"]
[BlackElo "2169"]
[PlyCount "86"]
[EventDate "2015.12.16"]
[EventType "swiss"]
[EventRounds "8"]
[EventCountry "VEN"]
[SourceTitle "EXT 2018"]
[Source "ChessBase"]
[SourceDate "2017.10.13"]
[SourceVersion "1"]
[SourceVersionDate "2017.10.13"]
[SourceQuality "1"]

1. d4 Nf6 2. Nf3 g6 3. c4 Bg7 4. Nc3 d5 5. Bg5 Ne4 6. Bf4 Nxc3 7. bxc3 c5 8. e3 0-0 9. Qb3 cxd4 10. cxd4 Qa5+ 11. Nd2 dxc4 12. Bxc4 Nc6 13. Rd1 e5 14. dxe5 Nxe5 15. 0-0 Bg4 16. f3 Bd7 17. Bd5 Ba4 18. Qa3 Qxd5 19. Qxa4 b5 20. Ne4 Qc6 21. Qb3 Nc4 22. Nd6 Rfd8 23. Nxc4 Qxc4 24. Qxc4 bxc4 25. Kf2 Bb2 26. Ke2 c3 27. e4 f6 28. Rd3 Rac8 29. Bc1 Rb8 30. Rxd8+ Rxd8 31. Rd1 Rb8 32. Kd3 Kf7 33. Bf4 Rb6 34. Be3 Ra6 35. Kc2 Ke6 36. Kb3 Ra3+ 37. Kc2 Rxa2 38. Kb3 Ra3+ 39. Kc2 Ba1 40. Bc5 Ra2+ 41. Kb3 c2 42. Rc1 Rb2+ 43. Kc4 Ra2 1/2-1/2